000 00639nam a2200205 4500
001 109149
003 ES-MaACL
005 20230906184802.0
007 t|
008 061121s1976 sp r ||||1| spa d
100 1 _aMuehlen, Heribert.
_984030
245 1 0 _aEspíritu, carisma, liberación
_b: la renovación de la fé cristiana /
_cHeribert Muehlen; traducción de Luis Artigas.
260 _aSalamanca :
_bSecretariado Trinitario,
_c1976.
300 _a287 p. ;
_c22 cm.
490 1 _aKoinonia
700 1 _aArtigas, Luis.
_923466
830 0 _aKoinonia
_9186846
852 _aES-MaACL
_jA-6533
_bR.95588
999 _c109149
_d109149